00514 2200217 4500001002100000005001500021035002000036007000300056008004100059020001800100082001000118084001600128100001200144245003100156250001000187260003800197300002000235650001100255856001400266990001600280INLIS00000000000056820240612095520 a0010-1120000180ta240612 0 ind  a979-8031-35-0 a634.6 a634.6 SET b0 aSetiadi1 aBertanam Durian /cSetiadi acet.4 aJakarta :bPenebar swadaya,c1989 a67 hlm ;c21 cm 4adurian aKelas 634 a00000000819